| 000 | 00999nas a2200301 4500 | ||
|---|---|---|---|
| 001 | BR2013005882 | ||
| 003 | BR-BrBNA | ||
| 005 | 20231205122742.0 | ||
| 007 | ta | ||
| 008 | 230509b bl.|||p| |||| 00| 00por d | ||
| 040 |
_aBR-BrBNA _bpor _cBiblioteca Nacional de Agricultura |
||
| 041 | _a(En) | ||
| 072 | _aP33 | ||
| 100 | 1 | _aBarreto, A.N. | |
| 100 | 1 | _aNascimento, J.J.V.R. do | |
| 100 | 1 | _aMedeiros, E.P. de | |
| 100 | 1 | _aNóbrega, J.A. da | |
| 100 | 1 | _aBezerra, J.R.C. | |
| 245 | 1 | _aChanges in chemical attributes of a Fluvent cultivated with castor bean and irrigated with wastewater | |
| 650 | _aRICINUS COMMUNIS | ||
| 650 | _aMAMONA | ||
| 650 | _aQUÍMICA DO SOLO | ||
| 650 | _aÁGUAS RESIDUAIS | ||
| 773 | 0 |
_tRevista Brasileira de Engenharia Agrícola e Ambiental (Brazil) _xISSN 1807-1929 _g(May 2013), v. 17(5) p. 480-486 _wBR2013005882 |
|
| 856 | 4 | 0 | _uhttp://www.scielo.br/pdf/rbeaa/v17n5/a03v17n5.pdf |
| 909 |
_a202311 _bLúcia _c55 _dLúcia Elande |
||
| 942 |
_2AGRIS _n0 _cANA |
||
| 999 |
_c230357 _d230357 |
||